000 nam a22 7a 4500
999 _c10782
_d10782
008 180223b ||||| |||| 00| 0 eng d
100 _aSinha, S K
_96624
245 _aThe Diary of a young girls
260 _aNew Delhi
_bS, Chand Publication
_c2015